|
|
|
|
| LEADER |
01272nam a2200253 a 4500 |
| 001 |
12204814 |
| 008 |
100705r20042001njua b 001 0 eng d |
| 010 |
|
|
|a 00051666
|
| 020 |
|
|
|a 0130313580
|
| 040 |
|
|
|a DLC
|c DLC
|d DLC
|d DB-DhAAL
|
| 082 |
0 |
0 |
|a 005.4/3
|2 21
|
| 100 |
1 |
|
|a Tanenbaum, Andrew S.,
|d 1944-
|
| 245 |
1 |
0 |
|a Modern operating systems /
|c Andrew S. Tanenbaum.
|
| 250 |
|
|
|a 2nd ed.
|
| 260 |
|
|
|a Upper Saddle River, N.J. ;
|a New Delhi :
|b Prentice Hall,
|c c2001.[reprinted 2004]
|
| 300 |
|
|
|a xxiv, 951 p. :
|b ill. ;
|c 25 cm.
|
| 504 |
|
|
|a Includes bibliographical references (p. 901-934) and index.
|
| 541 |
1 |
|
|e 00015810
|
| 650 |
|
0 |
|a Operating systems (Computers)
|
| 852 |
4 |
|
|a Ayesha Abed Library
|j General Shelf.
|
| 999 |
|
|
|c 9182
|d 9182
|
| 952 |
|
|
|0 0
|1 0
|2 ddc
|4 0
|6 005_430000000000000_TAN_2004
|7 0
|9 11576
|a BRACUL
|b BRACUL
|c GEN
|d 2010-07-07
|l 13
|m 116
|o 005.43 TAN
|p 3010015810
|r 2026-05-18
|s 2026-04-18
|t 1
|w 2010-07-07
|y BK
|
| 952 |
|
|
|0 0
|1 0
|2 ddc
|4 0
|6 005_430000000000000_TAN_2004
|7 0
|9 15913
|a BRACUL
|b BRACUL
|c GEN
|d 2011-03-29
|l 11
|m 56
|o 005.43 TAN
|p 3010015808
|r 2026-05-19
|s 2026-05-11
|t 2
|w 2011-03-29
|y BK
|
| 952 |
|
|
|0 0
|1 0
|2 ddc
|4 0
|6 005_430000000000000_TAN_2004
|7 0
|9 15914
|a BRACUL
|b BRACUL
|c GEN
|d 2011-03-29
|l 12
|m 85
|o 005.43 TAN
|p 3010015809
|q 2025-10-08
|r 2025-06-22
|s 2025-06-22
|t 3
|w 2011-03-29
|y BK
|